Μετάβαση στο περιεχόμενο

Правоведение. Основы законодательства в электроэнергетике учебно-методическое пособие

Учебно-методическое пособие по модулю «Правоведение. Основы законодательства в электроэнергетике», разработано в соответствии с ФГОС по направлению подготовки 13.03.02 Электроэнергетика и электротехника, (степень) выпускника: бакалавр. Структурно учебно-методическое пособие состоит из двух модулей,...

Πλήρης περιγραφή

Αποθηκεύτηκε σε:
Λεπτομέρειες βιβλιογραφικής εγγραφής
Μορφή: Книга
Γλώσσα:Russian
Έκδοση: Кызыл ТувГУ 2018
Διαθέσιμο Online:https://e.lanbook.com/book/156200
https://e.lanbook.com/img/cover/book/156200.jpg
Ετικέτες: Προσθήκη ετικέτας
Δεν υπάρχουν, Καταχωρήστε ετικέτα πρώτοι!
LEADER 02612nam0a2200241 i 4500
001 156200
003 RuSpLAN
005 20221220174107.0
008 221220s2018 ru gs 000 0 rus
040 |a RuSpLAN 
041 0 |a rus 
044 |a ru 
080 |a 347.4 (075.8) 
084 |a 67.404.211.11я73.3  |2 rubbk 
245 0 0 |a Правоведение. Основы законодательства в электроэнергетике  |b учебно-методическое пособие 
260 |a Кызыл  |b ТувГУ  |c 2018 
300 |a 93 с. 
504 |a Библиогр.: доступна в карточке книги, на сайте ЭБС Лань 
520 8 |a Учебно-методическое пособие по модулю «Правоведение. Основы законодательства в электроэнергетике», разработано в соответствии с ФГОС по направлению подготовки 13.03.02 Электроэнергетика и электротехника, (степень) выпускника: бакалавр. Структурно учебно-методическое пособие состоит из двух модулей, и содержит подробный план изучения темы, основные понятия и категории, перечень источников, задания для самостоятельной работы студента, контрольные вопросы, классифицированные по тематике, предусмотренные рабочей программой дисциплины. Материал излагается на основе действующего российского законодательства и международных документов. Учебно-методическое пособие окажет методическую и теоретическую помощь студентам при подготовке к практическим занятиям, зачету, а также будет способствовать усвоению и систематизации знаний по основам российского законодательства в сфере электроэнергетики. 
521 8 |a Книга из коллекции ТувГУ - Право. Юридические науки 
856 4 |u https://e.lanbook.com/book/156200 
856 4 8 |u https://e.lanbook.com/img/cover/book/156200.jpg 
953 |a https://e.lanbook.com/img/cover/book/156200.jpg